Antigüedades Zapotecas (Record no. 9259)

MARC details
000 -CABECERA
campo de control de longitud fija 00695nam a2200229 a 4500
001 - NÚMERO DE CONTROL
campo de control BRL_447
005 - FECHA Y HORA DE LA ÚLTIMA TRANSACCIÓN
campo de control 20190320210739.0
008 - DATOS DE LONGITUD FIJA--INFORMACIÓN GENERAL
campo de control de longitud fija 130813s1953----mx-#######---#000-0#spa-#
041 ## - CÓDIGO DE LENGUA
Código de lengua del texto/banda sonora o título independiente spa
044 ## - CÓDIGO DEL PAÍS DE LA ENTIDAD EDITORA/PRODUCTORA
Código MARC del país mx
050 #4 - SIGNATURA TOPOGRÁFICA DE LA BIBLIOTECA DEL CONGRESO
Número de clasificación F1219.1O11
Número de documento/Ítem .L46 1953
100 1# - ENTRADA PRINCIPAL--NOMBRE DE PERSONA
Nombre de persona Leon, Antonio De
9 (RLIN) 23943
245 10 - MENCIÓN DE TÍTULO
Título Antigüedades Zapotecas
Resto del título Descubrimientos hechos recientemente en las ruinas de Guiengola, Departamento de Oajaca
Mención de responsabilidad, etc. Antonio de Leon.
260 ## - PUBLICACIÓN, DISTRIBUCIÓN, ETC.
Lugar de publicación, distribución, etc. México
Nombre del editor, distribuidor, etc. Vargas Rea
Fecha de publicación, distribución, etc. 1953
300 ## - DESCRIPCIÓN FÍSICA
Extensión 43 p.
Dimensiones 21 cm.
440 #0 - MENCIÓN DE SERIE/PUNTO DE ACCESO ADICIONAL--TÍTULO
Título Biblioteca de Historiadores Mexicanos
9 (RLIN) 23944
500 ## - NOTA GENERAL
Nota general Au466
650 14 - PUNTO DE ACCESO ADICIONAL DE MATERIA--TÉRMINO DE MATERIA
Término de materia o nombre geográfico como elemento de entrada Zapotecas
9 (RLIN) 10464
651 #4 - PUNTO DE ACCESO ADICIONAL DE MATERIA--NOMBRE GEOGRÁFICO
Nombre geográfico Oaxaca
Subdivisión general Antigüedades
9 (RLIN) 23945
902 ## - CATALOGADOR
Iniciales GRL
942 ## - ELEMENTOS DE PUNTO DE ACCESO ADICIONAL (KOHA)
Fuente del sistema de clasificación o colocación Library of Congress Classification
Tipo de ítem Koha Libros
Holdings
Estado de retiro Estado de pérdida Estado dañado No para préstamo Localización permanente Ubicación/localización actual Fecha de adquisición Número de inventario Total de préstamos Signatura topográfica completa Código de barras Fecha visto por última vez Precio válido a partir de Tipo de ítem Koha
El ejemplar forma parte de la colección y puede ser consultado según las políticas vigentes.       Biblioteca Centro de Estudios Ruth D. Lechuga Biblioteca Centro de Estudios Ruth D. Lechuga 13/08/2013 Au466   F1219.1O11 .L46 1953 (Au466) GRL00480 22/03/2019 22/03/2019 Libros